000 00278nam a22001217a 4500
008 181122b xxu||||| |||| 00| 0 eng d
041 _aeng
080 _a370
100 _a49
101 _aEDU
245 _aWriting Teaschers Children At Work
_cGraves.D H
942 _2udc
_cBK
999 _c52381
_d52381